Riconosci il Pokémon - Quiz n°387 - Statistics

Statistiche generali
  • Questo quiz è stato fatto 0 volte
  • Il punteggio medio è 0 su 10
Statistiche sulle risposte
Indizio Risposta % Corretto
Altezza 1,1 m
0%
Peso 34,0 kg
0%
Tasso di cattura 45 (11.9%)
0%
Sesso 50% ♂, 50% ♀
0%
Tipo Buio / Ghiaccio
0%
Stadio evoluzione evoluzione
0%
Tasso di allevamento Medio-Lento
0%
Abilità Pressione; Affarelesto
0%
Generazione Quarta
0%
Pokémon Weavile
0%
Nessun quiz corrispondente trovato
Distribuzione punteggi
Percentuale di utenti per punteggio
Percentile per numero di risposta
I tuoi punteggi nel tempo
Non hai fatto questo quiz